| 000 | 01314nam a22003617a 4500 | ||
|---|---|---|---|
| 003 | CHAP | ||
| 005 | 20220329143153.0 | ||
| 008 | 061009d2004 io r 00110 spa d | ||
| 010 | _a92853 | ||
| 011 | _a93825 | ||
| 020 | _a9793361271 | ||
| 035 | _a104406 | ||
| 040 | _cCHAP | ||
| 082 | 0 | 4 |
_a574.52642 _bS4 |
| 100 | 1 |
_aSheil, Douglas _9105587 |
|
| 245 | 1 | 0 |
_aExplorando la biodiversidad, el medio ambiente y las perspectivas de los pobladores en áreas boscosas : _bmétodos para la valoración multidisciplinaria del paisaje _c/por Douglas Sheil [y otros] |
| 260 |
_aIndonesia : _bCentro para la Investigación Forestal Internacional, _c2004. |
||
| 300 |
_a93 p. : _bilus. |
||
| 590 |
_aBATCH-UPD _b10 _c20130110 _lUCH01 _h0513 |
||
| 590 |
_aBATCH-UPD _b10 _c20130410 _lUCH01 _h0151 |
||
| 590 |
_aBATCH-UPD _b10 _c20130914 _lUCH01 _h0629 |
||
| 590 |
_aCONVERSION _b10 _c20130109 _lUCH01 _h1351 |
||
| 650 | 1 | 4 |
_aBiodiversidad. _912724 |
| 650 | 1 | 4 |
_aBosques _xIndonesia. _914236 |
| 650 | 1 | 4 |
_aBosques _xTrópicos. _914401 |
| 650 | 1 | 4 |
_aImpacto ambiental. _957465 |
| 650 | 1 | 4 |
_aPaisaje. _984761 |
| 901 | _aBK | ||
| 905 | _aLilia | ||
| 942 | _cLIBRO | ||
| 949 |
_a574.52642 S4 _bBC _cLIBRO _d33724000995072 _eLIBRO _h108284 _i104406 _sb |
||
| 949 |
_a574.52642 S4 _bBC _cLIBRO _d33724000995130 _eLIBRO _fc.2 _h108285 _i104406 _sb |
||
| 999 |
_c92853 _d92853 |
||